000 00441nam a22001817a 4500
003 MPLRDC
005 20220104143502.0
008 210129b ||||| |||| 00| 0 eng d
082 _a848.2 XY-8 v.2
100 _a小野著
245 _a一个运动的开始
_c
250 _a初版三刷
260 _a
_b时报出版公司
_c1986
300 _b
490 _a人间丛书;54
650 _a现代别集
942 _cBK
_o848.2 XY-8 v.2
999 _c40363
_d40353